CCESMES Comprehensive Cost Estimation System For Military Engineering Services (Record no. 180880)

000 -LEADER
fixed length control field 00446 a2200157 4500
003 - CONTROL NUMBER IDENTIFIER
control field Nust
005 - DATE AND TIME OF LATEST TRANSACTION
control field 20170207153159.0
040 ## - CATALOGING SOURCE
Transcribing agency Nust
082 ## - DEWEY DECIMAL CLASSIFICATION NUMBER
Classification number 005.1
100 ## - MAIN ENTRY--PERSONAL NAME
Personal name Ahmed, Zaheer MSCS
245 ## - TITLE STATEMENT
Title CCESMES Comprehensive Cost Estimation System For Military Engineering Services
Statement of responsibility, etc. Zaheer Ahmed and D.M Akber Hussain MSCS
260 ## - PUBLICATION, DISTRIBUTION, ETC.
Place of publication, distribution, etc. Rawalpindi
Name of publisher, distributor, etc. MCS, NUST
Date of publication, distribution, etc. Mar, 2000
300 ## - PHYSICAL DESCRIPTION
Extent 96 p.
538 ## - SYSTEM DETAILS NOTE
System details note T1 and Shelf No 3
650 ## - SUBJECT ADDED ENTRY--TOPICAL TERM
Topical term or geographic name entry element MSCS Thesis
942 ## - ADDED ENTRY ELEMENTS (KOHA)
Koha item type
Holdings
Withdrawn status Lost status Source of classification or shelving scheme Damaged status Not for loan Collection code Permanent Location Current Location Date acquired Total Checkouts Full call number Barcode Date last seen Price effective from Koha item type
            Military College of Signals (MCS) Military College of Signals (MCS) 12/12/2016   005.1 AHM MCSTCS-12 12/08/2016 12/12/2016 Book
            Military College of Signals (MCS) Military College of Signals (MCS) 12/12/2016   005.1 AHM MCSTCS-172 12/08/2016 12/12/2016 Book
© 2023 Central Library, National University of Sciences and Technology. All Rights Reserved.